Statistiques concernant Meilleurs Passeurs de Premier League par Saison depuis 1999/2000

Cliquez ici pour prendre le quiz!

Statistiques générales

  • Ce quiz a été pris 125 fois
  • Le résultat moyen est 17 sur 24

Statistiques - réponses

SaisonClubMeilleur ButeurNombre de Buts% Correct
2019-2020Manchester CityKevin De Bruyne20
99%
2022-2023Manchester CityKevin De Bruyne16
99%
2017-2018Manchester CityKevin De Bruyne16
99%
2016-2017Manchester CityKevin De Bruyne18
99%
2020-2021Tottenham HotspurHarry Kane14
96%
2021-2022Liverpool FCMohamed Salah13
96%
2002-2003Arsenal FCThierry Henry20
90%
2004-2005Chelsea FCFrank Lampard18
83%
2009-2010Chelsea FCFrank Lampard14
83%
2015-2016Arsenal FCMesut Ozil19
83%
2006-2007Manchester UnitedWayne Rooney11
82%
2018-2019Chelsea FCEden Hazard15
79%
2013-2014Liverpool FCSteven Gerrard13
79%
2005-2006Chelsea FCDidier Drogba11
63%
2011-2012Manchester CityDavid Silva15
60%
2001-2002Arsenal FCRobert Pirès15
58%
2014-2015Chelsea FCCesc Fabregas18
57%
2007-2008Arsenal FCCesc Fabregas16
57%
2008-2009Arsenal FCRobin Van Persie10
49%
2000-2001Manchester UnitedDavid Beckham12
45%
1999-2000Manchester UnitedDavid Beckham15
45%
2012-2013Chelsea FCJuan Mata12
45%
2010-2011Manchester UnitedNani14
39%
2003-2004Leicester City FCMuzzy Izzet14
3%

Distribution des résultats

Percentile par nombre de réponses

% des personnes avec chaque résultat

Votre développement - résultats

Vous n’avez pas pris ce quiz